000 00624nam a22002297a 4500
003 UA-OsUOA
001 41562
007 ta
008 20080919b un ||||| |||| 00| 0 ukr d
100 _aKrawczeniuk Osyp
090 _a27(477).152
942 _cBR
040 _aUA-OsUOA
_beng
_cUA-OsUOA
_dUA-OsUOA
245 _aThe Ukrainian Church In America: Its Beginnings.
300 _a43 с.
955 _a4
041 _aeng
080 _a27(477).152
260 _b"The Ukrainian Millenium Committee of Detroit"
650 7 _a27 Загальна історія Християнської церкви
_2UDC
999 _c440062
_d440062